Parlante : (Record no. 22095)

000 -CABECERA
fixed length control field 01649nam a22002777a 4500
003 - IDENTIFICADOR DEL NÚMERO DE CONTROL
control field AR-CdUCM
008 - DATOS DE LONGITUD FIJA--INFORMACIÓN GENERAL
fixed length control field 190425b ||||| |||| 00| 0 spa d
040 ## - FUENTE DE LA CATALOGACIÓN
Agencia/entidad que catalogó originalmente la obra MUNICIPALIDAD PROVINCIAL DEL CUSCO
Entidad que transcribió la catalogación BIBLIOTECA MUNICIPAL DEL CUSCO
082 ## - NÚMERO DE LA CLASIFICACIÓN DECIMAL DEWEY
No. de Clasificación Parlante/N°102/2010
110 ## - ENTRADA PRINCIPAL--NOMBRE DE ENTIDAD CORPORATIVA
Nombre de la institución, jurisdicción como entrada principal Centro Guamán Poma de Ayala
9 (RLIN) 20511
245 ## - MENCIÓN DE TÍTULO
Título Parlante :
Resto del título Revista del Cusco /
260 ## - PUBLICACIÓN, DISTRIBUCIÓN, ETC.
Lugar de publicación, distribución, etc. Cusco :
Nombre de la editorial, distribuidor, etc. Centro de Educación y Comunicación Guamán Poma de Ayala,
Fecha de publicación, distribución, etc. 2010.
300 ## - DESCRIPCIÓN FÍSICA
Nº de Páginas Extensión 36 páginas. :
Otros detalles físicos ilustraciones ;
Dimensiones 30 cm.
440 ## - MENCIÓN DE SERIE/PUNTO DE ACCESO ADICIONAL--TÍTULO
Título Parlante revista del Cusco.
Número de la parte/sección de una obra Año 24, N°102, diciembre 2009 - enero 2010.
9 (RLIN) 47436
505 ## - NOTA DE CONTENIDO CON FORMATO
Nota de contenido formateada Contenido: Aprobados o desaprobados encuesta sobre la gestión de las autoridades políticas. -- Transporte en la ciudad de Cusco balance y perspectivas. Abel Gallegos. -- Los Centros Históricos tienen que pensar en el futuro. Fernando Carrión. -- Haquira el inmundo paraíso de los recicladores. Adriana Peralta. -- Expo feria Cusco alucinando la ciudad. Adriana Peralta. -- El ombligo destelló glamour. Adriana Peralta. -- Productividad laboral en la economía regional de Cusco. Ruth García Pacheco. -- Historieta en quechua. Jaime Araoz. -- Educación intercultural en Cusco. Juan Galiano. -- Balance cultural 2009. Francisco Ángeles.
650 ## - PUNTO DE ACCESO ADICIONAL DE MATERIA--TÉRMINO DE MATERIA
Descriptor Actualidad y política
9 (RLIN) 47410
650 ## - PUNTO DE ACCESO ADICIONAL DE MATERIA--TÉRMINO DE MATERIA
Descriptor Centro Histórico Cusco
9 (RLIN) 46767
650 ## - PUNTO DE ACCESO ADICIONAL DE MATERIA--TÉRMINO DE MATERIA
Descriptor Educación, cultura y deportes
9 (RLIN) 47422
650 ## - PUNTO DE ACCESO ADICIONAL DE MATERIA--TÉRMINO DE MATERIA
Descriptor Medio ambiente
9 (RLIN) 47423
650 ## - PUNTO DE ACCESO ADICIONAL DE MATERIA--TÉRMINO DE MATERIA
Descriptor Salud
9 (RLIN) 8684
700 ## - PUNTO DE ACCESO ADICIONAL--NOMBRE DE PERSONA
Nombre Personal Peralta, Adriana
9 (RLIN) 47414
700 ## - PUNTO DE ACCESO ADICIONAL--NOMBRE DE PERSONA
Nombre Personal Galiano Román, Juan
9 (RLIN) 47435
710 ## - PUNTO DE ACCESO ADICIONAL--NOMBRE DE ENTIDAD CORPORATIVA
Nombre corporativo (En letras Mayúsculas) Centro Guamán Poma de Ayala
9 (RLIN) 20511
942 ## - ELEMENTOS DE PUNTO DE ACCESO ADICIONAL (KOHA)
Fuente de clasificación
Tipo de item Revistas cusqueñas
945 ## - PROCESAMIENTO DE INFORMACIÓN LOCAL (OCLC)
Catalogador vhl
Holdings
Estado de retiro (separado) Fuente de clasificación o esquema de estanterías Estado dañado Ubicación Sala donde se ubica Nombre de la colección Fecha de adquisición o compra Costo, precio normal en soles Signatura topográfica Código de Barras Última vez visto (Koha) Tipo de ítem (Koha)
No     Sala Hemeroteca Sala Hemeroteca Book Cart 2022-03-04 5.00 Parlante/N°102/2010 REVC000758 2022-03-04 Revistas cusqueñas

Powered by Koha